1567 1035 1050 1206 1844 1886 1222 1261 1125 1956 1129 1755 1154 1518 1038 1931 1693 1211 1911 1192 1193 1118 1231 1911 1340 1888 1819 1853 1993 1868 1268 1636 1764 1704 1265 1429 1976 1875 1929 1563 1651 1737 1093 1442 1962 1116 1108 1191 1600 1547 1792 1324 1525 1974 1984 1722 1987 1104 1049 1165 1856 1240 1034 1836 1327 1499 1360 1887 1021 1338 1396 1640 1519 1462 1290 1579 1910 1109 1250 1577 1328 1697 1899 1573 1443 1926 1972 1221 1309 1059 1311 1746 1457 1164 1802 1285 1818 1819 1565 BCNSPRNW ULIB Ver.6.0+V

เปลี่ยนเป็นภาษาไทย

Change to English
 แสดงรายละเอียดบรรณานุกรม
  กลับหน้าหลัก

Brief Record : Get Marc (ISO 2709) : E-mail record : QR code < ปิดหน้าต่าง
LEADER : 00000nam 2200000uu 4500
001    13399123176
003     ULIB
008    120327s2551||||th 000 0 tha d
020    ^a9789740601746
090    ^aนว.^bพ495ก
100 0  ^aเพนกวิน
245 00 ^aกำแพงดอกไม้/^cเพนกวิน
250    ^aพิมพ์ครั้งที่ 1
260    ^aกรุงเทพฯ :^bบลูบัตเตอร์ฟลาย,^c2551
300    ^a304 หน้า
710 1  ^aบลูบัตเตอร์ฟลาย
945    ^p219^l0^i20324
995    ^aกัณชพร
999    ^aใช้งานได้ทุกระบบ
รายการนี้ยังไม่มีแท็ก
คุณยังไม่ได้ล็อกอิน คุณสามารถมีกิจกรรมร่วมกับเว็บไซต์ได้ แต่ต้องล็อกอินก่อน ::
  ล็อกอิน

รายการสื่อสารสนเทศ

ลำดับที่ ประเภท เลขเรียก/บาร์โค้ด สถานที่ สถานะ
1. นวนิยาย
นวนิยาย
นว. พ495ก ฉ.1 
  Barcode: 20324
ห้องสมุดวิทยาเขตนครสวรรค์
►นวนิยาย:l:Fiction
บนชั้น

BibComment


ยังไม่เคยถูกคอมเมนท์

คอมเมนท์ทรัพยากรรายการนี้
  คอมเมนท์: กำแพงดอกไม้ เพนก..


 Copyright 2026. Bcnsprnw @Library